Violencia social, el desafío del año 2000

En este artículo se aborda el tema del proceso de formación de los bandos que se vieron en conflicto durante la guerra civil salvadoreña, dando al final como resultado, la institucionalización de los partidos políticos FMLN y Arena. Se señala que la violencia sociopolítica vivida en los setenta dio...

詳細記述

保存先:
書誌詳細
フォーマット: テキスト
主題:
タグ: タグ追加
タグなし, このレコードへの初めてのタグを付けませんか!

MARC

LEADER 00000 a a2200000 04500
001 6324
003
040
245 |a Violencia social, el desafío del año 2000  
520 |a En este artículo se aborda el tema del proceso de formación de los bandos que se vieron en conflicto durante la guerra civil salvadoreña, dando al final como resultado, la institucionalización de los partidos políticos FMLN y Arena. Se señala que la violencia sociopolítica vivida en los setenta dio paso a un proceso de reformas democráticas. En la actualidad el país enfrenta otro tipo de violencia que ya no es política ni militar sino social, la cual plantea desafíos sin precedentes no solo a las autoridades gubernamentales, sino al conjunto de la sociedad./MSD  
650 |a VIOLENCIA  
650 |a GUERRA CIVIL  
650 |a SEGURIDAD SOCIAL  
650 |a PARTIDOS POLITICOS  
773 |g volumen 20, número 885; páginas 7-10  
999 |c 25765  |d 25765